<?xml version="1.0" encoding="UTF-8"?>
<record
    xmlns:xsi="http://www.w3.org/2001/XMLSchema-instance"
    xsi:schemaLocation="http://www.loc.gov/MARC21/slim http://www.loc.gov/standards/marcxml/schema/MARC21slim.xsd"
    xmlns="http://www.loc.gov/MARC21/slim">

  <leader>01852nam a22002177a 4500</leader>
  <controlfield tag="003">0</controlfield>
  <controlfield tag="005">20260402120512.0</controlfield>
  <datafield tag="020" ind1=" " ind2=" ">
    <subfield code="a">9789355215598</subfield>
  </datafield>
  <datafield tag="082" ind1=" " ind2=" ">
    <subfield code="a">CS 791.4372 BRI</subfield>
  </datafield>
  <datafield tag="100" ind1=" " ind2=" ">
    <subfield code="a">Brij Lal</subfield>
    <subfield code="9">18716</subfield>
  </datafield>
  <datafield tag="100" ind1=" " ind2=" ">
    <subfield code="c">IPS</subfield>
    <subfield code="9">17739</subfield>
  </datafield>
  <datafield tag="100" ind1=" " ind2=" ">
    <subfield code="d">1977</subfield>
    <subfield code="9">17740</subfield>
  </datafield>
  <datafield tag="245" ind1=" " ind2=" ">
    <subfield code="a">Derh biswa zameen : Uttar Pradesh crime files</subfield>
  </datafield>
  <datafield tag="260" ind1=" " ind2=" ">
    <subfield code="a">New Delhi</subfield>
    <subfield code="b">Prabhat Prakashan</subfield>
    <subfield code="c">2024</subfield>
  </datafield>
  <datafield tag="300" ind1=" " ind2=" ">
    <subfield code="a">318</subfield>
  </datafield>
  <datafield tag="520" ind1=" " ind2=" ">
    <subfield code="a">&#x92A;&#x942;&#x930;&#x94D;&#x935;&#x940; &#x909;&#x924;&#x94D;&#x924;&#x930; &#x92A;&#x94D;&#x930;&#x926;&#x947;&#x936; &#x91C;&#x939;&#x93E;&#x901; &#x90F;&#x915; &#x924;&#x930;&#x92B; &#x917;&#x930;&#x940;&#x92C;&#x940; &#x915;&#x940; &#x92E;&#x93E;&#x930; &#x91D;&#x947;&#x932; &#x930;&#x939;&#x93E; &#x925;&#x93E;, &#x935;&#x939;&#x940;&#x902; &#x926;&#x942;&#x938;&#x930;&#x940; &#x924;&#x930;&#x92B; 1970 &#x915;&#x947; &#x926;&#x936;&#x915; &#x938;&#x947; &#x92E;&#x93E;&#x92B;&#x93F;&#x92F;&#x93E; &#x917;&#x924;&#x93F;&#x935;&#x93F;&#x927;&#x93F;&#x92F;&#x94B;&#x902; &#x915;&#x940; &#x936;&#x941;&#x930;&#x941;&#x906;&#x924; &#x92A;&#x942;&#x930;&#x94D;&#x935;&#x940; &#x909;&#x924;&#x94D;&#x924;&#x930; &#x92A;&#x94D;&#x930;&#x926;&#x947;&#x936; &#x938;&#x947; &#x939;&#x940; &#x936;&#x941;&#x930;&#x942; &#x939;&#x941;&#x908;&#x964; &#x936;&#x941;&#x930;&#x941;&#x906;&#x924;&#x940; &#x926;&#x94C;&#x930; &#x92E;&#x947;&#x902; &#x917;&#x94B;&#x930;&#x916;&#x92A;&#x941;&#x930; &#x907;&#x938;&#x915;&#x93E; &#x915;&#x947;&#x902;&#x926;&#x94D;&#x930;&#x92C;&#x93F;&#x902;&#x926;&#x941; &#x92C;&#x928;&#x93E;&#x964; &#x92E;&#x93E;&#x92B;&#x93F;&#x92F;&#x93E; &#x917;&#x93F;&#x930;&#x94B;&#x939;&#x94B;&#x902; &#x92E;&#x947;&#x902; &#x935;&#x930;&#x94D;&#x91A;&#x938;&#x94D;&#x935; &#x915;&#x940; &#x932;&#x921;&#x93C;&#x93E;&#x908; &#x936;&#x941;&#x930;&#x942; &#x939;&#x94B; &#x917;&#x908;&#x964; &#x935;&#x930;&#x94D;&#x91A;&#x938;&#x94D;&#x935; &#x915;&#x93E; &#x92E;&#x924;&#x932;&#x92C; &#x91C;&#x92E;&#x940;&#x928;&#x947;&#x902; &#x939;&#x921;&#x93C;&#x92A; &#x932;&#x947;&#x902;&#x917;&#x947;, &#x916;&#x930;&#x940;&#x926;&#x947;&#x902;&#x917;&#x947; &#x928;&#x939;&#x940;&#x902;&#x964; &#x92A;&#x947;&#x91F;&#x94D;&#x930;&#x94B;&#x932;-&#x921;&#x940;&#x91C;&#x932; &#x92D;&#x930;&#x93E; &#x932;&#x947;&#x902;&#x917;&#x947;, &#x92A;&#x930; &#x92A;&#x948;&#x938;&#x947; &#x928;&#x939;&#x940;&#x902; &#x926;&#x947;&#x902;&#x917;&#x947;; &#x915;&#x94B;&#x908; &#x906;&#x901;&#x916; &#x92E;&#x93F;&#x932;&#x93E;&#x915;&#x930; &#x92C;&#x93E;&#x924; &#x928;&#x939;&#x940;&#x902; &#x915;&#x930;&#x947;&#x917;&#x93E;&#x964; &#x917;&#x94B;&#x930;&#x916;&#x92A;&#x941;&#x930; &#x92E;&#x947;&#x902; &#x939;&#x941;&#x90F; &#x917;&#x948;&#x902;&#x917;&#x935;&#x93E;&#x930; &#x928;&#x947; &#x92A;&#x942;&#x930;&#x94D;&#x935;&#x93E;&#x902;&#x91A;&#x932; &#x915;&#x947; &#x935;&#x93E;&#x930;&#x93E;&#x923;&#x938;&#x940;, &#x906;&#x91C;&#x92E;&#x917;&#x922;&#x93C;, &#x92E;&#x90A;, &#x917;&#x93E;&#x91C;&#x940;&#x92A;&#x941;&#x930;, &#x92A;&#x94D;&#x930;&#x92F;&#x93E;&#x917;&#x930;&#x93E;&#x91C;, &#x91A;&#x902;&#x926;&#x94C;&#x932;&#x940;, &#x92E;&#x93F;&#x930;&#x94D;&#x91C;&#x93E;&#x92A;&#x941;&#x930;, &#x92D;&#x926;&#x94B;&#x939;&#x940; &#x91C;&#x93F;&#x932;&#x94B;&#x902; &#x915;&#x94B; &#x92D;&#x940; &#x905;&#x92A;&#x928;&#x940; &#x91A;&#x92A;&#x947;&#x91F; &#x92E;&#x947;&#x902; &#x932;&#x947; &#x932;&#x93F;&#x92F;&#x93E;&#x964;</subfield>
  </datafield>
  <datafield tag="600" ind1=" " ind2=" ">
    <subfield code="c">Civil services</subfield>
    <subfield code="9">18720</subfield>
  </datafield>
  <datafield tag="650" ind1=" " ind2=" ">
    <subfield code="a">Organized Crime</subfield>
    <subfield code="9">18721</subfield>
  </datafield>
  <datafield tag="650" ind1=" " ind2=" ">
    <subfield code="a">Reminiscences</subfield>
    <subfield code="9">18722</subfield>
  </datafield>
  <datafield tag="942" ind1=" " ind2=" ">
    <subfield code="c">DB</subfield>
  </datafield>
  <datafield tag="952" ind1=" " ind2=" ">
    <subfield code="0">0</subfield>
    <subfield code="1">0</subfield>
    <subfield code="4">0</subfield>
    <subfield code="7">0</subfield>
    <subfield code="a">LBSNAA</subfield>
    <subfield code="b">LBSNAA</subfield>
    <subfield code="d">2026-04-02</subfield>
    <subfield code="g">500.00</subfield>
    <subfield code="l">0</subfield>
    <subfield code="o">CS 791.4372 BRI</subfield>
    <subfield code="p">173418</subfield>
    <subfield code="r">2026-04-02</subfield>
    <subfield code="w">2026-04-02</subfield>
    <subfield code="y">DB</subfield>
    <subfield code="0"></subfield>
    <subfield code="x"></subfield>
    <subfield code="2"></subfield>
  </datafield>
  <datafield tag="952" ind1=" " ind2=" ">
    <subfield code="0">0</subfield>
    <subfield code="1">0</subfield>
    <subfield code="4">0</subfield>
    <subfield code="7">0</subfield>
    <subfield code="a">LBSNAA</subfield>
    <subfield code="b">LBSNAA</subfield>
    <subfield code="d">2026-05-05</subfield>
    <subfield code="g">500.00</subfield>
    <subfield code="l">0</subfield>
    <subfield code="o">CS 791.4372 BRI</subfield>
    <subfield code="p">181878</subfield>
    <subfield code="r">2026-05-05</subfield>
    <subfield code="w">2026-05-05</subfield>
    <subfield code="y">B</subfield>
    <subfield code="0"></subfield>
    <subfield code="x"></subfield>
    <subfield code="2"></subfield>
  </datafield>
  <datafield tag="952" ind1=" " ind2=" ">
    <subfield code="0">0</subfield>
    <subfield code="1">0</subfield>
    <subfield code="4">0</subfield>
    <subfield code="7">0</subfield>
    <subfield code="a">LBSNAA</subfield>
    <subfield code="b">LBSNAA</subfield>
    <subfield code="d">2026-05-05</subfield>
    <subfield code="g">500.00</subfield>
    <subfield code="l">0</subfield>
    <subfield code="o">CS 791.4372 BRI</subfield>
    <subfield code="p">181879</subfield>
    <subfield code="r">2026-05-05</subfield>
    <subfield code="w">2026-05-05</subfield>
    <subfield code="y">B</subfield>
    <subfield code="0"></subfield>
    <subfield code="x"></subfield>
    <subfield code="2"></subfield>
  </datafield>
  <datafield tag="999" ind1=" " ind2=" ">
    <subfield code="c">360704</subfield>
    <subfield code="d">360704</subfield>
  </datafield>
</record>
